Paesi che confinano con l'Italia - Statistics

Statistiche generali
  • Questo quiz è stato fatto 5.486 volte
  • Il punteggio medio è 6 su 6
Statistiche sulle risposte
Nazione % Corretto
Francia
99%
Austria
97%
Svizzera
97%
Slovenia
92%
Città del Vaticano
89%
San Marino
89%
Nessun quiz corrispondente trovato
Distribuzione punteggi
Percentuale di utenti per punteggio
Percentile per numero di risposta
I tuoi punteggi nel tempo
Non hai fatto questo quiz